000 00616cam a22001577a 4500
008 180718b2000 xxu||||| |||| 00| 0 eng d
082 _aAPPPA 99-2000 RAL/26
100 _aRalegankar, P.W.
245 _aLinking reward with performance for productivity improvement: a study for applicability in government sector
_cby P.W. Ralegankar
260 _aNew Delhi
_bIndian Institute of Public Administration
_c2000
300 _a176p.
500 _aAn APPPA M.Phil. dissertation, 99-2000 (Guide: P.K. Chaubey)
650 _aAPPPA
650 _aIndustrial productivity - India
650 _aGovernment productivity - India
999 _c489460
_d489460